| 000 | 00816nam a22002537a 4500 | ||
|---|---|---|---|
| 005 | 20170123162348.0 | ||
| 010 | _aA-163315 | ||
| 020 | _c25.00 | ||
| 035 | _aA-163315 | ||
| 037 | _bCen Lib/Ret | ||
| 040 |
_aDPL _bUR |
||
| 082 |
_a270.4 _bا خ ل |
||
| 100 |
_aاخلاق دہلوی _9140930 |
||
| 245 |
_aآینہ ملفوظات / _cاخلاق دہلوی |
||
| 246 |
_aAina-e-malfuzat / _bby Akhlaq Dehlvi |
||
| 260 |
_aدہلی _bکتب خانہ انجمن ترقی اردو _c1983 |
||
| 270 |
_bدہلی _aجامہ مسجد _e110006 |
||
| 300 |
_a280p. _c21cm(Hb) |
||
| 650 |
_aمذہب -- اسلام _9140931 |
||
| 650 |
_a اسلامی الہیات _91541 |
||
| 650 |
_aReligion -- Islam _992070 |
||
| 650 |
_aIslamic theology _9140932 |
||
| 942 |
_2ddc _cUR _h270.4 _mا خ ل |
||
| 999 |
_c109025 _d109025 |
||